Academic librarianship in 21st century / (Record no. 83719)

MARC details
000 -LEADER
fixed length control field 00964nam a22002657a 4500
005 - DATE AND TIME OF LATEST TRANSACTION
control field 20180308121634.0
010 ## - LCCN (DPL NO)
LC control number ENG-109785
020 ## - INTERNATIONAL STANDARD BOOK NUMBER
International Standard Book Number 9788191087352
Terms of availability 925.00
035 ## - SYSTEM CONTROL NUMBER
System control number EN-93318
035 ## - SYSTEM CONTROL NUMBER
System control number B-537202-206
035 ## - SYSTEM CONTROL NUMBER
System control number B-667692
037 ## - SOURCE OF ACQUISITION
Source of stock number/acquisition DBAD/PUB
037 ## - SOURCE OF ACQUISITION
Source of stock number/acquisition K.K.Pub/Ven
Stock number dpl
082 ## - DEWEY DECIMAL CLASSIFICATION NUMBER
Classification number 027.7
100 ## - MAIN ENTRY--PERSONAL NAME
Personal name Avhad,Sharad T.
245 00 - TITLE STATEMENT
Title Academic librarianship in 21st century /
Statement of responsibility, etc by Sharad T. Avhad [and] Vinay P. Haware
260 ## - PUBLICATION, DISTRIBUTION, ETC. (IMPRINT)
Place of publication, distribution, etc Kanpur
Name of publisher, distributor, etc Garima Prakashan
Date of publication, distribution, etc 2013
270 ## - ADDRESS
Address 1st floor, Mayur Park, Basant Vihar Naubasta
City Kanpur
Postal code 208021
300 ## - PHYSICAL DESCRIPTION
Extent 304p.
Dimensions 22cm(Hb)
500 ## - GENERAL NOTE
General note Includes bibliographical references and index
700 ## - ADDED ENTRY--PERSONAL NAME
Personal name Haware, Vinay P.
942 ## - ADDED ENTRY ELEMENTS (KOHA)
Source of classification or shelving scheme Dewey Decimal Classification
Item type English Books
Call number suffix AVH
Classification part 027.7
Holdings
Withdrawn status Lost status Not for loan Collection code Home library Current library Date acquired Source of acquisition Cost, normal purchase price Full call number Barcode Copy number Cost, replacement price Koha item type
      Non-fiction Ashok Vihar Ashok Vihar 08/03/2018 KKP/278/24.2.2017/420/15.2.2017/17.3.2017 925.00 027.7 AVH B-667692 1 925.00 English Books
      Non-fiction Central Library Central Library 31/10/2014 K.K.Pub/BL3710/31.03.2014/146/25.03.2014/31.03.2014 925.00 027.7 AVH B-537202 1 925.00 English Books
    Not For Loan Non-fiction D.B.Act.Division D.B.Act.Division 24/04/2014 DBAD/PUB 925.00 027.7 AVH EN-93318 1 925.00 English Books
      Non-fiction Janak Puri Janak Puri 31/10/2014 K.K.Pub/BL3710/31.03.2014/146/25.03.2014/31.03.2014 925.00 027.7 AVH B-537204 1 925.00 English Books
      Non-fiction Karol Bagh Karol Bagh 31/10/2014 K.K.Pub/BL3710/31.03.2014/146/25.03.2014/31.03.2014 925.00 027.7 AVH B-537205 1 925.00 English Books
      Non-fiction Patel Nagar Patel Nagar 31/10/2014 K.K.Pub/BL3710/31.03.2014/146/25.03.2014/31.03.2014 925.00 027.7 AVH B-537203 1 925.00 English Books
      Non-fiction Shahdara Branch Shahdara Branch 31/10/2014 K.K.Pub/BL3710/31.03.2014/146/25.03.2014/31.03.2014 925.00 027.7 AVH B-537206 1 925.00 English Books

© Delhi Public Library
Hit Counter
free hit counter